00553pab a2200133 454500008004000000100002100040245005600061260000900117300001600126362001100142520019500153650003700348773003400385180718b2003 xxu||||| |||| 00| 0 eng d aMistry, Percy S. aRethinking India's international economic diplomacy c2003 ap.2943-950. a12 Jul aSome first rough thoughts to provide a context for and to make a case for the pursuit of a clear coherent and consistent international economic policy by India's policy-makers. - Reproduced. aInternational economic relations aEconomic and Political Weekly